| 000 | 00827nam a22002057a 4500 | ||
|---|---|---|---|
| 005 | 20251126113328.0 | ||
| 008 | s2545 th tha d | ||
| 041 | _atha | ||
| 245 | 1 | 0 | _aประมวลจริยธรรมของสมาชิกวุฒิสภาและกรรมาธิการ พ.ศ.2545 |
| 260 | 3 |
_aม.ป.ท. : _bม.ป.พ., _c2545 |
|
| 300 |
_a6 หน้า ; _b 29 ซม. |
||
| 650 | 0 | 4 | _aกรรมาธิการ -- จริยธรรม |
| 650 | 0 | 4 |
_aจริยธรรม _97555 |
| 650 | 0 | 4 | _aสมาชิกวุฒิสภา -- จริยธรรม |
| 850 | _aNALT | ||
| 942 |
_cLB _01 |
||
| 997 | _c000000000018904 | ||
| 998 |
_aPRATHANA _j111 _k นางสาวพจพิณ พรมเอี่ยม |
||
| 999 |
_c18904 _d18904 |
||
| 090 | _aKD242.2 ป352 2545 | ||